| 000 | 01261nac a22003731u 4500 | ||
|---|---|---|---|
| 999 |
_c4999 _d4999 |
||
| 003 | EG-ScBUE | ||
| 005 | 20191222110311.0 | ||
| 008 | 190717r20052004enka f 000 0 eng d | ||
| 020 | _a9781859647707 (level 1) | ||
| 020 | _a1859647707 (level 1) | ||
| 020 | _a1859647804 (level 2) | ||
| 020 | _a9781859647806 (level 2) | ||
| 020 | _a1859647901 (level 3) | ||
| 020 | _a9781859647905 (level 3) | ||
| 040 |
_aEG-ScBUE _beng _erda _cEG-ScBUE _dEG-ScBUE |
||
| 082 | 0 | 4 |
_a428.34 _bPHI _222 |
| 100 | 1 |
_aPhillips, Terry, _d1949- _eauthor. |
|
| 245 | 1 | 0 |
_aSkills in English. _pListening. _pCourse book / _cTerry Phillips. |
| 246 | 3 | 0 | _aListening |
| 246 | 3 | 0 | _aCourse book |
| 250 | _aSecond edition. | ||
| 250 | _aReprint edition. | ||
| 264 | 1 |
_aReading, UK : _bGarnet Publishing, _c2005. |
|
| 300 |
_a3 volumes : _billustrations ; _c25 cm |
||
| 336 |
_2rdacontent _atext _btxt |
||
| 337 |
_2rdamedia _aunmediated _bn |
||
| 338 |
_2rdacarrier _avolume _bnc |
||
| 505 | 0 | _aLevel 1 -- Level 2 -- Level 3. | |
| 650 | 7 |
_aEnglish language _vTextbooks for foreign speakers. _2BUEsh |
|
| 650 | 7 |
_aEnglish language _xGrammar _vProblems, exercises, etc. _2BUEsh |
|
| 653 |
_bHHUUEENN _cDecember2019 |
||
| 655 | _vReading book | ||
| 942 |
_cNB _k428.34 PHI _2ddc |
||